Hospodárska súťaž a spoločná poľnohospodárska politika v Európskej únii
Hospodárska súťaž, tvorba a rozdelenie rozpočtu v Európskej únii. Spoločná poľnohospodárska politika a priority poľnohospodárskej politiky v SR.
Salvato in:
| Autore principale: | |
|---|---|
| Natura: | Capitolo di libro |
| Lingua: | slovacco |
| Soggetti: | |
| Tags: |
Nessun Tag, puoi essere il primo ad aggiungerne!!
|
MARC
| LEADER | 00000nla$a2200000$$$4500 | ||
|---|---|---|---|
| 001 | 0096515 | ||
| 005 | 20240521122805.4 | ||
| 041 | 0 | |a slo | |
| 044 | |a SK | ||
| 245 | 1 | 0 | |a Hospodárska súťaž a spoločná poľnohospodárska politika v Európskej únii |c Elena Šúbertová |
| 520 | |a Hospodárska súťaž, tvorba a rozdelenie rozpočtu v Európskej únii. Spoločná poľnohospodárska politika a priority poľnohospodárskej politiky v SR. | ||
| 610 | 2 | 0 | |a prostredie podnikateľské |
| 610 | 2 | 0 | |a politika poľnohospodárska |
| 610 | 2 | 0 | |a Slovensko |
| 610 | 2 | 0 | |a Európska únia |
| 610 | 2 | 0 | |a rozpočet spoločný |
| 100 | 1 | |a Šúbertová, Elena | |